000 00444pab a2200181 454500
008 180718b2008 xxu||||| |||| 00| 0 eng d
100 _aHarcourt, Alison
245 _aThe consumer, the european union, and media law
260 _c2008
300 _ap.1-4.
362 _aMar
650 _aEuropean Union
650 _aConsumers
700 _aWeatherill, Stephen
773 _aJournal of Consumer Policy
908 _aN
909 _a79295
999 _c79295
_d79295